Κατάλογος Βιβλιοθηκών Mediterranean College

Πλήρης Οδηγός Χρήσης της C++ / Από την Ομάδα Waite; 5η Αμερικάνικη Αναθεωρημένη Έκδοση (Record no. 3557)

MARC details
000 -LEADER
fixed length control field 01802cam a22002174a 4500
005 - ΗΜΕΡΟΜΗΝΙΑ ΚΑΙ ΩΡΑ ΤΕΛΕΥΤΑΙΑΣ ΕΝΗΜΕΡΩΣΗΣ
Πεδίο ελέγχου 20250605164118.0
008 - FIXED-LENGTH DATA ELEMENTS--GENERAL INFORMATION
Πεδίο ελέγχου σταθερού μήκους 250528s ||||||||||||||||||||||||d
035 ## - SYSTEM CONTROL NUMBER
System control number 18177
040 ## - ΠΗΓΗ ΚΑΤΑΛΟΓΟΓΡΑΦΗΣΗΣ
Φορέας πρωτότυπης καταλογογράφησης MC Athens Campus Library
Γλώσσα καταλογογράφησης Ελληνικά, Μοντέρνα (1453-)
Modifying agency MC Athens Campus Library
Κανόνες περιγραφικής καταλογογράφησης AACR2
245 1# - ΤΙΤΛΟΣ ΚΑΙ ΔΗΛΩΣΗ ΥΠΕΥΘΥΝΟΤΗΤΑΣ
Τίτλος Πλήρης Οδηγός Χρήσης της C++ / Από την Ομάδα Waite; 5η Αμερικάνικη Αναθεωρημένη Έκδοση
250 ## - EDITION STATEMENT
Edition statement
260 ## - PUBLICATION, DISTRIBUTION, ETC.
Name of publisher, distributor, etc. Γκιούρδας Μόσχος,
Date of publication, distribution, etc. 1988
300 ## - PHYSICAL DESCRIPTION
Extent 562
520 ## - SUMMARY, ETC.
Summary, etc. Η γλώσσα C συνδυάζει την αποτελεσματικότητα και την ταχύτητα της συμβολικής γλώσσας με την δομή και την περιεκτικότητα της γλώσσας Pascal. Πρόλογος, Λάβετε Θέσεις, Εισαγωγή στην C, Τα Δεδομένα και η C και Εσείς, Συμβολοσειρές, Τελεστές και Εκφράσεις και Προτάσεις, Συναρτήσεις Εισόδου/ Εξόδου και Αλλαγή Κατεύθυνσης, Επιλογή Μεταξύ Εναλλακτικών Περιπτώσεων, Βρόχοι και Άλλα Μέσα Ελέγχου, Πως να Χρησιμοποιείτε Κατάλληλα τις Συναρτήσεις, Κατηγορίες Μνήμης και Ανάπτυξη Προγραμμάτων, Ο Προεπεξεργαστής της C, Πίνακες και Δείκτες, Δομές και Άλλες Μορφές Δεδομένων, Το Μέλλον, Χειρισμός Δυαδικών Ψηφίων: Τελεστές και Πεδία, Ευρετήριο.
700 1# - ΠΡΟΣΘΕΤΗ ΑΝΑΓΡΑΦΗ--ΦΥΣΙΚΟ ΠΡΟΣΩΠΟ
Personal name Martin Donald
9 (RLIN) 4463
700 1# - ΠΡΟΣΘΕΤΗ ΑΝΑΓΡΑΦΗ--ΦΥΣΙΚΟ ΠΡΟΣΩΠΟ
Personal name Prata Stephen
9 (RLIN) 4464
700 1# - ΠΡΟΣΘΕΤΗ ΑΝΑΓΡΑΦΗ--ΦΥΣΙΚΟ ΠΡΟΣΩΠΟ
Personal name Waite Mitchell
9 (RLIN) 4465
942 ## - ADDED ENTRY ELEMENTS (KOHA)
Koha item type Books
Holdings
Τύπος τεκμηρίου Βιβλιοθήκη Τρέχουσα τοποθεσία Barcode Αριθμός εισαγωγής Ημερομηνία απόκτησης Ταξιθετικό σύμβολο Αριθμός αντιτύπου Κατάσταση απόσυρσης Κατάσταση χαμένου Κατάσταση κατεστραμμένου Μη δανεισμός Σύνολο δανεισμών Ημερομηνία τελευταίας εμφάνισης Η τιμή ισχύει από
Books MC Athens Campus Library MC Athens Campus Library 9780000035561 2370 05/06/2025 005.133 WAI 1           05/06/2025 05/06/2025

MC Athens Campus Library
Πατησίων 94 & Κοδριγκτώνος 13, 104 34
Πελλήνης 8 & Πατησίων 107, 112 51
Τ: +30 210 8899600

MC Thessaloniki Campus Library
Ίωνος Δραγούμη 21, 54625 | Ίωνος Δραγούμη 15, 54625
Τ: +30 2310 287779 – Τ: +30 2314 440300